FC Bayern München Squad 2000-2001 - Statistics

General Stats
  • This quiz has been taken 30 times
  • The average score is 13 of 27
Answer Stats
# Position Nation Player % Correct
1 GK Germany Oliver Kahn
100%
11 MF Germany Stefan Effenberg
93%
3 DF France Bixente Lizarazu
89%
9 FW Brazil Giovane Élber
89%
2 DF France Willy Sagnol
89%
7 MF Germany Mehmet Scholl
79%
4 DF Ghana Samuel Kuffour
71%
23 MF England Owen Hargreaves
64%
20 MF Bosnia and Herzegovina Hasan Salihamidžić
61%
24 FW Paraguay Roque Santa Cruz
61%
19 FW Germany Carsten Jancker
57%
5 DF Sweden Patrik Andersson
54%
25 DF Germany Thomas Linke
50%
- Coach Germany Ottmar Hitzfeld
46%
16 MF Germany Jens Jeremies
43%
13 FW Brazil Paulo Sérgio
43%
21 FW Germany Alexander Zickler
32%
10 MF Switzerland Ciriaco Sforza
32%
18 DF Germany Michael Tarnat
32%
8 MF Germany Thomas Strunz
32%
17 MF Germany Thorsten Fink
25%
22 GK Germany Bernd Dreher
21%
15 MF Poland Sławomir Wojciechowski
18%
33 GK Germany Stefan Wessels
18%
6 MF Germany Michael Wiesinger
14%
30 MF France Alou Diarra
11%
27 FW Turkey Berkant Göktan
11%
No matching quizzes found
Score Distribution
Percent of People with Each Score
Percentile by Number Answered
Your Score History
You have not taken this quiz